MARC

LEADER 00000nam0a2200000 4500
001 220211
005 20231101230321.0
010 |a 0335218903 
035 |a (RuTPU)RU\TPU\book\240331 
090 |a 220211 
100 |a 20120820d2005 km y0engy50 ba 
101 0 |a eng 
102 |a GB 
105 |a y z 001zy 
200 1 |a MBA Admissions Strategy. From profile building to essay writing  |f A. V. Gordon 
210 |a London  |c McGraw-Hill Company  |d 2005 
215 |a 186 p. 
320 |a Index: p. 185-186. 
606 1 |a Бизнес  |x Теория  |2 stltpush  |3 (RuTPU)RU\TPU\subj\28637  |9 52152 
610 1 |a экономическая теория 
610 1 |a предприниматели 
610 1 |a предпринимательская культура 
610 1 |a предпринимательская деятельность 
610 1 |a английский язык 
686 |a У012.12  |v LBC/SL-A  |2 rubbk 
700 1 |a Gordon  |b A. V. 
801 1 |a RU  |b 63413507  |c 20120820 
801 2 |a RU  |b 63413507  |c 20121029  |g RCR 
942 |c BK